[Event "World Junior Chess Championship U18 b"]
[Site "Gaziantep"]
[Date "2008.08.10"]
[Round "8.32"]
[White "Apaydin, Fethi"]
[Black "Rombaldoni, Denis"]
[Result "0-1"]
[WhiteElo "2187"]
[BlackElo "2418"]
[PlyCount "181"]
[EventDate "2008.08.??"]
[EventType "swiss"]
[EventRounds "13"]
[EventCountry "TUR"]

1. e4 c6 2. d3 d5 3. Nd2 e5 4. Ngf3 Bd6 5. d4 exd4 6. exd5 cxd5 7. Bb5+ Nc6 8.
Nxd4 Nge7 9. N2f3 O-O 10. O-O Bg4 11. Be2 Qd7 12. Re1 Rae8 13. h3 Bh5 14. Be3
Ng6 15. Qd2 Bb8 16. Rad1 a6 17. Nxc6 bxc6 18. Bc5 Nf4 19. Bxf8 Rxe2 20. Rxe2
Bxf3 21. Re7 Nxh3+ 22. Kf1 Bxg2+ 23. Kxg2 Qg4+ 24. Kf1 Qg1+ 25. Ke2 Qxf2+ 26.
Kd3 Nf4+ 27. Kc3 Qc5+ 28. Kb3 Qc4+ 29. Ka3 Kxf8 30. Re3 Bd6+ 31. b4 a5 32. c3
Ne6 33. Kb2 axb4 34. cxb4 Bf4 35. Rde1 c5 36. a3 cxb4 37. Qxb4+ Qxb4+ 38. axb4
Bxe3 39. Rxe3 Ke7 40. Ra3 Ng5 41. Kc3 Kd6 42. Ra6+ Ke5 43. b5 d4+ 44. Kc4 Ne4
45. b6 Nd6+ 46. Kc5 d3 47. Kc6 f5 48. Ra5+ Ke6 49. Rd5 Nc8 50. b7 Ne7+ 51. Kc5
Nxd5 52. b8=Q Nf6 53. Qd6+ Kf7 54. Qxd3 Kg6 55. Kd6 Kg5 56. Ke6 Ne4 57. Qe3+
Kg4 58. Qe2+ Kh4 59. Qh2+ Kg4 60. Ke5 Ng3 61. Qxh7 g5 62. Qd7 Kh4 63. Qh7+ Kg4
64. Qd7 Kh4 65. Kd4 f4 66. Kd3 g4 67. Qh7+ Kg5 68. Qg7+ Kf5 69. Qh7+ Kg5 70.
Qh2 Nf1 71. Qf2 Ng3 72. Kd4 Nh5 73. Ke5 f3 74. Qd2+ Kh4 75. Kf5 Ng3+ 76. Kf4
Kh3 77. Qd7 Ne2+ 78. Ke3 Kg3 79. Qf5 Kh4 80. Qh7+ Kg3 81. Qg6 Ng1 82. Qd6+ Kg2
83. Kf4 f2 84. Qd2 g3 85. Qd5+ Kh2 86. Qd1 g2 87. Kg4 Nf3 88. Qd6+ Kh1 89. Qh6+
Nh2+ 90. Kh3 f1=Q 91. Qf4 0-1

[Event "World Junior Chess Championship U18 b"]
[Site "Gaziantep"]
[Date "2008.08.10"]
[Round "8.33"]
[White "Lortkipanidze, Nodar"]
[Black "Caspi, Israel"]
[Result "1-0"]
[WhiteElo "2080"]
[BlackElo "2412"]
[PlyCount "83"]
[EventDate "2008.08.??"]
[EventType "swiss"]
[EventRounds "13"]
[EventCountry "TUR"]

1. d4 d5 2. c4 e5 3. dxe5 d4 4. Nf3 Nc6 5. g3 Nge7 6. Bg2 Ng6 7. Bf4 Bf5 8. O-O
Qd7 9. e3 Nxf4 10. gxf4 O-O-O 11. Na3 dxe3 12. Qxd7+ Rxd7 13. fxe3 Bc5 14. Kf2
Nb4 15. Nh4 Rd2+ 16. Kg3 Bd7 17. Rad1 Rd3 18. Rxd3 Nxd3 19. Bd5 Rf8 20. Nc2 c6
21. Be4 Nxb2 22. Nd4 Nxc4 23. Rc1 Nd2 24. Bg2 Bb4 25. Kf2 g6 26. Rc2 Nb1 27.
Rb2 Be7 28. Nxg6 hxg6 29. Rxb1 Rh8 30. h3 Kc7 31. Kg3 Rb8 32. Be4 Rh8 33. f5
Rh5 34. Rf1 c5 35. fxg6 cxd4 36. Rxf7 Rxe5 37. g7 Bd6 38. Kf3 Re8 39. Bf5 dxe3
40. Bxd7 Rg8 41. Bf5+ Kc6 42. Bh7 1-0

[Event "World Junior Chess Championship U18 b"]
[Site "Gaziantep"]
[Date "2008.08.10"]
[Round "8.34"]
[White "Martins, Vinicius Tine"]
[Black "Vocaturo, Daniele"]
[Result "0-1"]
[WhiteElo "2292"]
[BlackElo "2417"]
[PlyCount "56"]
[EventDate "2008.08.??"]
[EventType "swiss"]
[EventRounds "13"]
[EventCountry "TUR"]

1. e4 e5 2. Nf3 Nc6 3. Bb5 a6 4. Ba4 Nf6 5. O-O Nxe4 6. d4 b5 7. Bb3 d5 8. dxe5
Be6 9. c3 Bc5 10. Nbd2 O-O 11. Bc2 Bxf2+ 12. Rxf2 f6 13. exf6 Qxf6 14. Nb3 Nxf2
15. Kxf2 Ne5 16. Nbd4 Bg4 17. b4 a5 18. Bd2 axb4 19. cxb4 Qd6 20. Be3 Bxf3 21.
gxf3 Ng4+ 22. Ke2 Nxe3 23. Kxe3 Rae8+ 24. Kd3 Rf4 25. Qg1 c5 26. bxc5 Qxc5 27.
Bb3 b4 28. Ne2 Qb5+ 0-1

[Event "World Junior Chess Championship U18 b"]
[Site "Gaziantep"]
[Date "2008.08.10"]
[Round "8.35"]
[White "Serenac, Ivan"]
[Black "Durarbeyli, Vasif"]
[Result "0-1"]
[WhiteElo "2289"]
[BlackElo "2413"]
[PlyCount "75"]
[EventDate "2008.08.??"]
[EventType "swiss"]
[EventRounds "13"]
[EventCountry "TUR"]

1. e4 c5 2. Nf3 e6 3. d4 cxd4 4. Nxd4 Nc6 5. Nc3 d6 6. g4 e5 7. Nf5 Be6 8. Bg2
g6 9. Ne3 Bg7 10. Ncd5 Rc8 11. c3 Qh4 12. h3 h5 13. Nc4 hxg4 14. Nxd6+ Kf8 15.
Nxc8 gxh3 16. Bf3 Bxc8 17. Be3 Nf6 18. Nxf6 Bxf6 19. Qd3 Be6 20. b3 Kg7 21.
O-O-O Be7 22. Kb2 a6 23. Bb6 Bf8 24. Rdg1 a5 25. Be3 Qe7 26. Qc2 Qa3+ 27. Kb1
a4 28. bxa4 Be7 29. Bg4 Bc4 30. Rxh3 Rxh3 31. Bxh3 Nb4 32. cxb4 Bd3 33. Rc1
Qxb4+ 34. Ka1 Bxc2 35. Rxc2 Qxe4 36. Rc1 Ba3 37. Rb1 Qc2 38. Bg2 0-1

[Event "World Junior Chess Championship U18 b"]
[Site "Gaziantep"]
[Date "2008.08.10"]
[Round "8.36"]
[White "McPhillips, Karl"]
[Black "Kore, Akshayraj"]
[Result "1/2-1/2"]
[WhiteElo "2221"]
[BlackElo "2392"]
[PlyCount "89"]
[EventDate "2008.08.??"]
[EventType "swiss"]
[EventRounds "13"]
[EventCountry "TUR"]

1. d4 Nf6 2. c4 e6 3. Nf3 c5 4. d5 exd5 5. cxd5 d6 6. Nc3 g6 7. Bf4 Bg7 8. Qa4+
Bd7 9. Qb3 Qc7 10. e4 O-O 11. Nd2 Nh5 12. Be3 f5 13. exf5 gxf5 14. Be2 f4 15.
Bxc5 f3 16. Nce4 fxe2 17. Bxd6 Qb6 18. Bxf8 Qxb3 19. axb3 Kxf8 20. g3 Bxb2 21.
Ra2 Bd4 22. Kxe2 Na6 23. Nc4 Re8 24. Ncd6 Nf6 25. Nxe8 Nxe4 26. Kd3 Bb6 27.
Kxe4 Bxe8 28. f4 Nc5+ 29. Ke5 Nxb3 30. Rc2 Ke7 31. f5 Bd4+ 32. Ke4 Bb6 33. Re1
Kd7 34. Kf4 Nd4 35. Rc4 Bf7 36. f6 Kd6 37. Re7 Bxd5 38. Rc8 Ne6+ 39. Kf5 Bd8
40. Rxh7 Nd4+ 41. Kg6 Be4+ 42. Kf7 Bd5+ 43. Kg6 Be4+ 44. Kf7 Bd5+ 45. Kg6
1/2-1/2

[Event "World Junior Chess Championship U18 b"]
[Site "Gaziantep"]
[Date "2008.08.10"]
[Round "8.37"]
[White "Nukin, Askhat"]
[Black "Narmontas, Matas"]
[Result "0-1"]
[WhiteElo "2244"]
[BlackElo "2369"]
[PlyCount "70"]
[EventDate "2008.08.??"]
[EventType "swiss"]
[EventRounds "13"]
[EventCountry "TUR"]

1. e4 c5 2. Nf3 e6 3. d4 cxd4 4. Nxd4 Qb6 5. Nb3 Qc7 6. Bd3 Nf6 7. O-O d5 8.
Nc3 dxe4 9. Nxe4 Nbd7 10. Nxf6+ Nxf6 11. Bg5 Bd7 12. c3 Bd6 13. h3 h6 14. Bxf6
gxf6 15. Nd4 O-O-O 16. a4 Rhg8 17. Nb5 Bc6 18. Nxa7+ Kb8 19. Nxc6+ Qxc6 20. g4
h5 21. f4 hxg4 22. hxg4 Rh8 23. Rf3 Rh4 24. Kf2 Qc5+ 25. Ke1 Rh2 26. Bf1 Bc7
27. Qc1 Bb6 28. a5 Qd5 29. axb6 Qxf3 30. Ra8+ Kxa8 31. Qa1+ Kb8 32. Qa7+ Kc8
33. Qa8+ Kd7 34. Bb5+ Ke7 35. Qa3+ Rd6 0-1

[Event "World Junior Chess Championship U18 b"]
[Site "Gaziantep"]
[Date "2008.08.10"]
[Round "8.38"]
[White "Enchev, Ivajlo"]
[Black "Vavric, Pavel"]
[Result "1/2-1/2"]
[WhiteElo "2367"]
[BlackElo "2218"]
[PlyCount "95"]
[EventDate "2008.08.??"]
[EventType "swiss"]
[EventRounds "13"]
[EventCountry "TUR"]

1. d4 g6 2. c4 Bg7 3. Nc3 d6 4. e4 e5 5. dxe5 dxe5 6. Qxd8+ Kxd8 7. Bg5+ f6 8.
O-O-O+ Nd7 9. Be3 Bh6 10. Bxh6 Nxh6 11. g3 c6 12. f4 Kc7 13. Nf3 Nc5 14. h3
exf4 15. gxf4 Re8 16. Re1 a5 17. Rh2 Nf7 18. Rd2 Ne6 19. e5 Nxf4 20. exf6 Rxe1+
21. Nxe1 Bxh3 22. Rf2 Re8 23. Kd2 Rd8+ 24. Kc1 Bxf1 25. Rxf4 Bd3 26. Nd5+ cxd5
27. Nxd3 Rd6 28. c5 Re6 29. b4 g5 30. Rf5 axb4 31. Nxb4 Re5 32. Rxe5 Nxe5 33.
a4 Kd7 34. a5 Ke6 35. c6 bxc6 36. a6 Nd7 37. Nxc6 Nb6 38. a7 Kxf6 39. Kd2 Ke6
40. Ke3 Kd6 41. Nd8 Ke7 42. Nc6+ Kd6 43. Nd8 Ke5 44. Nc6+ Ke6 45. Kd4 Kd6 46.
Nb4 Na8 47. Nxd5 h5 48. Nf6 1/2-1/2

[Event "World Junior Chess Championship U18 b"]
[Site "Gaziantep"]
[Date "2008.08.10"]
[Round "8.39"]
[White "Niemi, Mikko"]
[Black "Kulakov, Viacheslav"]
[Result "1-0"]
[WhiteElo "2214"]
[BlackElo "2360"]
[PlyCount "45"]
[EventDate "2008.08.??"]
[EventType "swiss"]
[EventRounds "13"]
[EventCountry "TUR"]

1. c4 c6 2. g3 d5 3. Bg2 Nf6 4. Nf3 Bg4 5. cxd5 cxd5 6. Nc3 e6 7. Ne5 Bh5 8. g4
Bg6 9. h4 Bd6 10. Qa4+ Nbd7 11. d4 h5 12. Nxg6 fxg6 13. g5 Ng4 14. Qc2 O-O 15.
Qxg6 Qb6 16. Qxe6+ Kh8 17. Qg6 Qxd4 18. Qxh5+ Nh6 19. Be3 Qb4 20. gxh6 g6 21.
Qxd5 Be5 22. Qb3 Qd6 23. Rd1 1-0

[Event "World Junior Chess Championship U18 b"]
[Site "Gaziantep"]
[Date "2008.08.10"]
[Round "8.40"]
[White "Alvarez Ramirez, Miguel Angel"]
[Black "Anton, Teodor"]
[Result "1/2-1/2"]
[WhiteElo "2194"]
[BlackElo "2353"]
[PlyCount "79"]
[EventDate "2008.08.??"]
[EventType "swiss"]
[EventRounds "13"]
[EventCountry "TUR"]

1. d4 Nf6 2. c4 e6 3. Nf3 Bb4+ 4. Bd2 c5 5. Bxb4 cxb4 6. e3 O-O 7. Be2 d6 8.
O-O Nc6 9. Qb3 a5 10. a3 bxa3 11. bxa3 e5 12. Nc3 exd4 13. exd4 Re8 14. Rfe1
Rb8 15. h3 Bf5 16. Rad1 Ne4 17. Bd3 Nxc3 18. Qxc3 Bxd3 19. Qxd3 Qf6 20. d5 Ne5
21. Nxe5 Rxe5 22. Rxe5 Qxe5 23. c5 dxc5 24. Qd2 c4 25. Qxa5 c3 26. Qc5 Rd8 27.
f4 Qxf4 28. Qxc3 g6 29. Qc5 Qd6 30. Qe3 Ra8 31. Rd3 Ra5 32. Qd4 Ra8 33. Rb3 Rd8
34. Rxb7 Qxd5 35. Qxd5 Rxd5 36. a4 Rd2 37. a5 Ra2 38. Rb5 Kg7 39. Kh2 Ra3 40.
g4 1/2-1/2

[Event "World Junior Chess Championship U18 b"]
[Site "Gaziantep"]
[Date "2008.08.10"]
[Round "8.42"]
[White "Ertan, Can"]
[Black "Abdulov, Orkhan"]
[Result "0-1"]
[WhiteElo "2149"]
[BlackElo "2318"]
[PlyCount "74"]
[EventDate "2008.08.??"]
[EventType "swiss"]
[EventRounds "13"]
[EventCountry "TUR"]

1. e4 c5 2. Nf3 Nc6 3. d4 cxd4 4. Nxd4 Nf6 5. Nc3 e5 6. Ndb5 d6 7. Bg5 a6 8.
Na3 b5 9. Nd5 Be7 10. Bxf6 Bxf6 11. c4 b4 12. Nc2 a5 13. Be2 O-O 14. Qd3 Bg5
15. O-O Ra7 16. Rad1 Be6 17. Bf3 g6 18. b3 Rd7 19. Ra1 f5 20. a3 bxa3 21. Rxa3
Rdf7 22. b4 Nxb4 23. Ncxb4 axb4 24. Ra6 fxe4 25. Bxe4 Qc8 26. Rc6 Qb8 27. c5
Qa7 28. Nb6 Rxf2 29. Rxf2 Be3 30. Bf3 Qa1+ 31. Qf1 Bxf2+ 32. Kxf2 Qd4+ 33. Ke2
e4 34. Rxd6 exf3+ 35. gxf3 Bc4+ 36. Nxc4 Re8+ 37. Ne3 Qxe3+ 0-1

[Event "World Junior Chess Championship U18 b"]
[Site "Gaziantep"]
[Date "2008.08.10"]
[Round "8.43"]
[White "Deruni, Berc"]
[Black "Kjartansson, Gudmundur"]
[Result "0-1"]
[WhiteElo "2032"]
[BlackElo "2328"]
[PlyCount "78"]
[EventDate "2008.08.??"]
[EventType "swiss"]
[EventRounds "13"]
[EventCountry "TUR"]

1. d4 Nf6 2. Nf3 e6 3. c4 b6 4. a3 Bb7 5. Nc3 d5 6. cxd5 Nxd5 7. Qc2 Nxc3 8.
bxc3 Nd7 9. e4 c5 10. Bd3 Qc7 11. Bb2 c4 12. Be2 b5 13. O-O Be7 14. Bc1 O-O 15.
Re1 Rac8 16. e5 h6 17. Nd2 Bd5 18. Bf3 Qc6 19. Bxd5 Qxd5 20. Ne4 Rfe8 21. Qe2
a5 22. Qg4 Kh7 23. Re3 f5 24. exf6 Nxf6 25. Qe2 Rc6 26. Bd2 b4 27. axb4 axb4
28. cxb4 Nxe4 29. Rxe4 c3 30. b5 Rc4 31. Bf4 Bf6 32. Be5 c2 33. Rc1 Bxe5 34.
Rxe5 Qxd4 35. h3 Rd8 36. Kh2 Qf4+ 37. g3 Qxc1 38. Qxc4 Qd2 39. Re2 c1=Q 0-1

[Event "World Junior Chess Championship U18 b"]
[Site "Gaziantep"]
[Date "2008.08.10"]
[Round "8.44"]
[White "Ilic, Slavisa"]
[Black "Grover, Sahaj"]
[Result "1-0"]
[WhiteElo "2081"]
[BlackElo "2306"]
[PlyCount "81"]
[EventDate "2008.08.??"]
[EventType "swiss"]
[EventRounds "13"]
[EventCountry "TUR"]

1. e4 c5 2. c3 d5 3. exd5 Qxd5 4. Nf3 Nf6 5. Be2 Bg4 6. O-O Nc6 7. Na3 e5 8.
Re1 O-O-O 9. Nc2 e4 10. Ne3 Qd6 11. Ng5 Bxe2 12. Qxe2 Qd7 13. f3 exf3 14. Nxf3
Bd6 15. a4 Rhe8 16. a5 Nh5 17. Qc4 Kb8 18. a6 b6 19. d4 cxd4 20. cxd4 Rc8 21.
Qb3 f5 22. Bd2 g5 23. Nc4 g4 24. Nxd6 Qxd6 25. Qf7 Ne7 26. Qxh5 gxf3 27. Qxf3
Qxd4+ 28. Be3 Qd5 29. Qh5 Rg8 30. g3 Rc2 31. Re2 Rxe2 32. Qxe2 Qe4 33. Re1 Nd5
34. Qf2 Qb4 35. Bd4 f4 36. Be5+ Ka8 37. Bxf4 Qxf4 38. Re8+ Rxe8 39. gxf4 Rf8
40. Qg2 Rd8 41. Qg7 1-0

[Event "World Junior Chess Championship U18 b"]
[Site "Gaziantep"]
[Date "2008.08.10"]
[Round "8.45"]
[White "Ramsurrup, Pratish"]
[Black "Oliver, Gareth"]
[Result "0-1"]
[WhiteElo "1809"]
[BlackElo "2196"]
[PlyCount "178"]
[EventDate "2008.08.??"]
[EventType "swiss"]
[EventRounds "13"]
[EventCountry "TUR"]

1. Nf3 Nf6 2. g3 g6 3. Bg2 Bg7 4. O-O O-O 5. d4 d6 6. c4 Nc6 7. Nc3 a6 8. e4
Bg4 9. Be3 Nd7 10. h3 Bxf3 11. Bxf3 e5 12. d5 Nd4 13. Bg2 c5 14. dxc6 bxc6 15.
b4 Qe7 16. Rb1 Qe6 17. Qd3 a5 18. a3 axb4 19. axb4 Ra3 20. Rfe1 Nb6 21. Bc1 Ra7
22. b5 Nxc4 23. bxc6 Rc7 24. Nd5 Rxc6 25. Rb7 Bf6 26. Nxf6+ Qxf6 27. Rb4 Rfc8
28. h4 Nb6 29. Bg5 Qe6 30. Reb1 Nd7 31. Kh2 Rc2 32. Be3 R8c3 33. Qd1 Nc6 34.
R4b2 Rxb2 35. Rxb2 Nc5 36. Rd2 Nb7 37. Rd5 Qc8 38. Bd2 Rc5 39. Rd3 Rc4 40. Be3
Nb4 41. Rd2 Nc2 42. Bh6 Nd4 43. Rb2 Rc2 44. Rxc2 Qxc2 45. Qa1 Qc8 46. Be3 Ne6
47. Qa2 Kg7 48. Qd5 Qc7 49. f4 exf4 50. gxf4 Qe7 51. Kg3 Nbc5 52. f5 Nc7 53.
Qd4+ f6 54. Bf4 Ne8 55. Bf3 Nd7 56. fxg6 hxg6 57. h5 Ne5 58. hxg6 Nxg6 59. Be3
Qe5+ 60. Qxe5 dxe5 61. Be2 Nd6 62. Bd3 Kf7 63. Kg4 Ke6 64. Bd2 Nf8 65. Be3 Kd7
66. Kh5 Ne6 67. Kg4 Kc6 68. Kh5 Kd7 69. Kg4 Ke7 70. Kf3 Ng5+ 71. Bxg5 fxg5 72.
Kg3 Ne8 73. Kg4 Kf6 74. Bc4 Kg6 75. Be6 Nf6+ 76. Kf3 Kh5 77. Bf5 g4+ 78. Kf2
Kg5 79. Kg3 Nh5+ 80. Kg2 Kf4 81. Bh7 Nf6 82. Bg6 Nxe4 83. Be8 Nd6 84. Bc6 Nf5
85. Bb5 Nh4+ 86. Kh2 g3+ 87. Kh3 g2 88. Kh2 Kf3 89. Kg1 Kg3 0-1

[Event "World Junior Chess Championship U18 b"]
[Site "Gaziantep"]
[Date "2008.08.10"]
[Round "8.46"]
[White "Ozdover, Mustafa Berkay"]
[Black "Hughes, Tyler B"]
[Result "0-1"]
[WhiteElo "1768"]
[BlackElo "2161"]
[PlyCount "68"]
[EventDate "2008.08.??"]
[EventType "swiss"]
[EventRounds "13"]
[EventCountry "TUR"]

1. f4 d5 2. Nf3 c5 3. g3 g6 4. Bg2 Bg7 5. d3 d4 6. O-O Nh6 7. Nbd2 Nf5 8. Nc4
Nc6 9. Nfe5 Nxe5 10. fxe5 Rb8 11. Bf4 b5 12. Bc6+ Kf8 13. Na3 a6 14. Qd2 h5 15.
c4 b4 16. Nc2 Qc7 17. e6 Qxc6 18. Bxb8 Bb7 19. Rf3 Qxe6 20. Bf4 Bxf3 21. exf3
Qc6 22. Kf2 e5 23. Bg5 f6 24. Bh4 Bh6 25. f4 exf4 26. Qe2 f3 27. Qe4 Qxe4 28.
dxe4 Ne3 29. Bxf6 Ng4+ 30. Kxf3 Nxf6 31. e5 Ng4 32. Ke4 Ke7 33. h3 Nf2+ 34. Kd5
d3 0-1

[Event "World Junior Chess Championship U18 b"]
[Site "Gaziantep"]
[Date "2008.08.10"]
[Round "8.48"]
[White "Acarbay, Aydin"]
[Black "Plenca, Julijan"]
[Result "0-1"]
[WhiteElo "1825"]
[BlackElo "2295"]
[PlyCount "130"]
[EventDate "2008.08.??"]
[EventType "swiss"]
[EventRounds "13"]
[EventCountry "TUR"]

1. d4 e6 2. c4 c5 3. d5 exd5 4. cxd5 g6 5. Nc3 d6 6. h3 Bg7 7. Nf3 Nf6 8. e4
O-O 9. Bd3 Re8 10. O-O c4 11. Bxc4 Nxe4 12. Nxe4 Rxe4 13. Bd3 Re8 14. Rb1 Qa5
15. Qb3 Nd7 16. Bd2 Qb6 17. Rfe1 Rf8 18. Qa3 a5 19. Be3 Qb4 20. Rec1 Nf6 21.
Qxb4 axb4 22. Bc4 Bf5 23. Ra1 Be4 24. Rd1 Rfc8 25. Rac1 Bxf3 26. gxf3 Nd7 27.
Bb5 Ne5 28. Kg2 f5 29. f4 Nf7 30. Bd7 Rxc1 31. Rxc1 Bxb2 32. Rc7 Nd8 33. Bb6
Ra6 34. Rc8 Rxb6 35. Rxd8+ Kg7 36. Bc8 Bc1 37. Rd7+ Kh6 38. Rxb7 Rxb7 39. Bxb7
Bxf4 40. Bc6 Kg5 41. Kf3 Be5 42. Bd7 Bd4 43. Bb5 Kh4 44. Bf1 g5 45. Kg2 g4 46.
hxg4 fxg4 47. Be2 Be5 48. f3 g3 49. Bd3 h6 50. Bf5 Kg5 51. Bc8 Kf4 52. Bd7 Ke3
53. Bc8 Bf4 54. Bd7 Kd4 55. Bc6 h5 56. Bb7 h4 57. Bc6 Ke3 58. Bd7 Kd2 59. Bc8
Kc3 60. Ba6 Kb2 61. Bc4 Be5 62. Kh3 Kc3 63. Ba6 Kd4 64. Bb7 Ke3 65. Kg2 h3+ 0-1

[Event "World Junior Chess Championship U18 b"]
[Site "Gaziantep"]
[Date "2008.08.10"]
[Round "8.49"]
[White "Aydogdu, Ataman"]
[Black "Vural, Ozge"]
[Result "1/2-1/2"]
[WhiteElo "2050"]
[BlackElo "1853"]
[PlyCount "97"]
[EventDate "2008.08.??"]
[EventType "swiss"]
[EventRounds "13"]
[EventCountry "TUR"]

1. d4 Nf6 2. c4 g6 3. Nc3 Bg7 4. g3 d6 5. Bg2 O-O 6. Nf3 Nbd7 7. O-O e5 8. e4
exd4 9. Nxd4 Re8 10. h3 a6 11. Be3 Rb8 12. Qd2 Nc5 13. f3 Bd7 14. Rfd1 Qc8 15.
Kh2 b5 16. cxb5 axb5 17. b4 Ne6 18. Nb3 c5 19. bxc5 Nxc5 20. Nxc5 dxc5 21. e5
b4 22. exf6 bxc3 23. Qxc3 Bxf6 24. Qxf6 Rxe3 25. Qf4 Re8 26. Rd2 Be6 27. Bf1
Rd8 28. Rc1 Rxd2+ 29. Qxd2 Qc6 30. Rc3 Rb4 31. a3 Rb7 32. Qe3 Rb2+ 33. Kg1 Qd7
34. Rxc5 h5 35. Rc1 Qd6 36. f4 h4 37. g4 Rb3 38. Rc3 Rxc3 39. Qxc3 Qxf4 40. Bg2
f5 41. gxf5 Qxf5 42. Qb4 g5 43. a4 g4 44. Qb8+ Kf7 45. Qc7+ Kg6 46. hxg4 Qxg4
47. Qc2+ Kh6 48. Qd2+ Kh5 49. Kh1 1/2-1/2

[Event "World Junior Chess Championship U18 b"]
[Site "Gaziantep"]
[Date "2008.08.11"]
[Round "9.2"]
[White "Braun, Arik"]
[Black "Hou, Yifan"]
[Result "1-0"]
[WhiteElo "2533"]
[BlackElo "2557"]
[PlyCount "105"]
[EventDate "2008.08.??"]
[EventType "swiss"]
[EventRounds "13"]
[EventCountry "TUR"]

1. d4 e6 2. c4 Nf6 3. Nc3 Bb4 4. Qc2 O-O 5. a3 Bxc3+ 6. Qxc3 d6 7. Bg5 Nbd7 8.
f3 b6 9. e4 c5 10. Nh3 h6 11. Be3 Ba6 12. Rd1 cxd4 13. Qxd4 Rc8 14. b3 Ne8 15.
Be2 Nc5 16. Qb2 Qe7 17. Nf4 Nf6 18. O-O Rfd8 19. b4 e5 20. Nd5 Nxd5 21. exd5
Nd7 22. Rc1 Rc7 23. Rc3 Rdc8 24. Rfc1 Bb7 25. Bd3 Nf6 26. Bf5 Re8 27. a4 Bc8
28. Bb1 Bb7 29. Qd2 Rd8 30. Bxh6 a5 31. bxa5 bxa5 32. Bxg7 Kxg7 33. Qg5+ Kf8
34. Qh6+ Ke8 35. Qh8+ Qf8 36. Qxf6 Qe7 37. Qh6 Qf8 38. Qe3 Rc5 39. f4 Qe7 40.
fxe5 dxe5 41. Re1 Kd7 42. Qxe5 Qxe5 43. Rxe5 Rb8 44. Rf5 Ke7 45. Re3+ Kf8 46.
Bd3 Bc8 47. Rf6 Rb4 48. Ref3 Rxa4 49. Rxf7+ Ke8 50. Bg6 Ra1+ 51. Kf2 Ra2+ 52.
Kg3 Kd8 53. Ra7 1-0

[Event "World Junior Chess Championship U18 b"]
[Site "Gaziantep"]
[Date "2008.08.11"]
[Round "9.3"]
[White "Howell, David"]
[Black "Popov, Ivan"]
[Result "1-0"]
[WhiteElo "2561"]
[BlackElo "2549"]
[PlyCount "253"]
[EventDate "2008.08.??"]
[EventType "swiss"]
[EventRounds "13"]
[EventCountry "TUR"]

1. e4 c6 2. d4 d5 3. exd5 cxd5 4. c4 Nf6 5. Nc3 Nc6 6. Bg5 dxc4 7. Nf3 Bg4 8.
d5 Bxf3 9. gxf3 Ne5 10. Bxc4 Nxc4 11. Qa4+ Qd7 12. Qxc4 h6 13. Bxf6 exf6 14.
Rg1 Rc8 15. Qb3 g6 16. Ne4 Bg7 17. Qb4 Qe7 18. Qb5+ Kf8 19. d6 Qe6 20. d7 Rd8
21. O-O-O Kg8 22. Rge1 f5 23. Ng5 Qf6 24. Re8+ Bf8 25. Rxd8 Qxg5+ 26. Kb1 Qxd8
27. Rc1 Kg7 28. Rc8 Bd6 29. Rxd8 Rxd8 30. Qxb7 Bc5 31. Qc8 Bb6 32. b4 Kf6 33.
Qc3+ Ke6 34. Qe1+ Kxd7 35. Qd2+ Ke6 36. Qxh6 Bxf2 37. Qc1 Kf6 38. Qc3+ Bd4 39.
Qc6+ Kg7 40. a4 Rh8 41. Qd6 Rh4 42. Kc2 Bf2 43. Kb3 f4 44. Qd2 Rxh2 45. Qxf4
Rh5 46. Qd2 Bg1 47. Qc1 Bd4 48. Kc4 Bf6 49. Qe3 a5 50. b5 Rh4+ 51. Kd5 Rxa4 52.
Kd6 Rb4 53. Qc5 Bd4 54. Qd5 Bf6 55. Kc7 Rd4 56. Qc5 Rd3 57. Qf2 Bd4 58. Qe2
Rc3+ 59. Kd7 a4 60. Qe4 Rc4 61. Qd5 Rb4 62. Ke8 Kh6 63. Kxf7 Be3 64. Qe5 Rf4+
65. Kg8 Rxf3 66. Qe4 Rh3 67. Kf7 Kg5 68. Qg2+ Kh4 69. Qe4+ Kg5 70. Qxg6+ Kf4
71. b6 Bd4 72. Qd6+ Be5 73. Qb4+ Kf5 74. Qb1+ Kf4 75. Qb4+ Kf5 76. Qxa4 Rh7+
77. Ke8 Rg7 78. Qc4 Kf6 79. Qc6+ Kf5 80. Qd5 Rg4 81. Qd7+ Kf4 82. Qf7+ Ke4 83.
b7 Rg5 84. Qe7 Rg8+ 85. Kd7 Rh8 86. Kc6 Rh6+ 87. Kc5 Rh8 88. Qe6 Rd8 89. Qg4+
Bf4 90. Qg6+ Kf3 91. Qc6+ Ke3 92. Qc8 Rd2 93. b8=Q Bxb8 94. Qxb8 Rd1 95. Qg3+
Ke2 96. Kc4 Rc1+ 97. Kd4 Rd1+ 98. Ke4 Rd2 99. Qg1 Rc2 100. Qd4 Rd2 101. Qc3 Kd1
102. Qb3+ Kc1 103. Ke3 Re2+ 104. Kf3 Rd2 105. Qc3+ Kd1 106. Qc4 Rc2 107. Qb4
Rc8 108. Qd4+ Kc2 109. Qe4+ Kc3 110. Qe5+ Kb4 111. Qe7+ Rc5 112. Ke3 Kc4 113.
Qe6+ Kc3 114. Qd6 Kc4 115. Ke4 Kb5 116. Kd4 Rc4+ 117. Kd5 Rb4 118. Qc6+ Ka5
119. Qa8+ Kb6 120. Qa3 Rb1 121. Qe3+ Kb7 122. Kc5 Rb6 123. Qe7+ Ka6 124. Qd7
Rh6 125. Qe8 Ka7 126. Qf7+ Ka6 127. Qf8 1-0

[Event "World Junior Chess Championship U18 b"]
[Site "Gaziantep"]
[Date "2008.08.11"]
[Round "9.4"]
[White "Andreikin, Dmitry"]
[Black "Safarli, Eltaj"]
[Result "1/2-1/2"]
[WhiteElo "2604"]
[BlackElo "2527"]
[PlyCount "35"]
[EventDate "2008.08.??"]
[EventType "swiss"]
[EventRounds "13"]
[EventCountry "TUR"]

1. d4 Nf6 2. c4 g6 3. g3 Bg7 4. Bg2 d5 5. cxd5 Nxd5 6. e4 Nb6 7. Ne2 O-O 8. O-O
c5 9. d5 e6 10. Nec3 Na6 11. Be3 Nc4 12. Bf4 exd5 13. exd5 Bf5 14. Qe2 Nd6 15.
Na3 Nb4 16. Rfd1 Re8 17. Qf1 a6 18. Bxd6 1/2-1/2

[Event "World Junior Chess Championship U18 b"]
[Site "Gaziantep"]
[Date "2008.08.11"]
[Round "9.5"]
[White "Nguyen, Ngoc Truong Son"]
[Black "Melkumyan, Hrant"]
[Result "1/2-1/2"]
[WhiteElo "2579"]
[BlackElo "2507"]
[PlyCount "196"]
[EventDate "2008.08.??"]
[EventType "swiss"]
[EventRounds "13"]
[EventCountry "TUR"]

1. Nf3 Nf6 2. c4 c5 3. Nc3 e6 4. g3 b6 5. Bg2 Bb7 6. O-O Be7 7. Re1 d5 8. cxd5
exd5 9. d4 O-O 10. h3 Na6 11. Bg5 Nc7 12. Rc1 Ne6 13. Bxf6 Bxf6 14. dxc5 bxc5
15. Nh2 Qa5 16. Ng4 Bxc3 17. bxc3 Rad8 18. Qc2 h5 19. Ne3 d4 20. cxd4 cxd4 21.
Nc4 Qa6 22. Bxb7 Qxb7 23. Ne5 Qd5 24. Nd3 h4 25. g4 Ng5 26. Kh2 Qd6+ 27. Kg2
Qd5+ 28. Kh2 Qd6+ 29. Kg2 Qd5+ 30. Kh2 Ne4 31. Qc6 Rfe8 32. Qxd5 Rxd5 33. Kg2
Nc3 34. Rc2 Ra5 35. Nc1 Nd5 36. Nd3 Ra3 37. Kf1 Nc3 38. Nc1 Rd8 39. Rd2 Ra4 40.
Nb3 Ne4 41. Rc2 Ng5 42. Kg2 Ne6 43. Rd1 d3 44. exd3 Nf4+ 45. Kh2 Rxd3 46. Rxd3
Nxd3 47. Nc5 Nxc5 48. Rxc5 Rxa2 49. Kg2 g6 50. g5 Ra3 51. Rd5 Kf8 52. Re5 a6
53. Re4 Ra5 54. f4 Ra3 55. Kf2 Kg7 56. Rc4 a5 57. Rc5 a4 58. Ra5 Ra2+ 59. Kf3
a3 60. Kg4 Rg2+ 61. Kxh4 a2 62. Ra8 Kh7 63. Ra7 Kg8 64. Ra8+ Kg7 65. Ra7 Kf8
66. Ra8+ Ke7 67. Ra6 Ke8 68. Ra7 Kf8 69. Ra8+ Ke7 70. Ra6 Kd7 71. f5 gxf5 72.
g6 Ke7 73. g7 Rxg7 74. Rxa2 Rg1 75. Ra5 Ke6 76. Ra6+ Ke5 77. Ra5+ Kf6 78. Ra6+
Kg7 79. Rb6 Rg2 80. Rb3 Kf6 81. Rb6+ Kg7 82. Rb3 Rg6 83. Rb5 Kf6 84. Rb6+ Ke5
85. Rb5+ Ke4 86. Rb4+ Ke3 87. Rb3+ Kf2 88. Rb2+ Kf3 89. Rb3+ Kg2 90. Rb2+ Kf3
91. Rb3+ Kf4 92. Rb4+ Ke5 93. Rb5+ Kf6 94. Rb6+ Kg7 95. Rb5 Rh6+ 96. Kg3 Kg6
97. Rb6+ f6 98. Rb8 f4+ 1/2-1/2